| 000 | 00433nam a2200181Ia 4500 | ||
|---|---|---|---|
| 001 | 955 | ||
| 005 | 20260306140556.0 | ||
| 008 | 260306t2012||||xx |||||||||||||| ||spa|| | ||
| 041 | _aESP | ||
| 082 |
_a174.4 _bM41M |
||
| 100 |
_aMelé, Doménec _eAUT |
||
| 245 | 0 |
_aManagement ethics: _bplacing ethics at the core of good management |
|
| 260 | _c2012 | ||
| 300 |
_a _c |
||
| 650 | _aGEN | ||
| 654 | _aCHU | ||
| 942 |
_cLIB _dJUS _fJUS _2ddc _n |
||
| 999 |
_c955 _d955 |
||